[Event "Garesnica op"]
[Site "Garesnica"]
[Date "2023.06.09"]
[Round "3"]
[White "Damjanovic, Stjepan"]
[Black "Zadravec, Matija"]
[Result "0-1"]
[WhiteElo "2102"]
[BlackElo "2258"]
[PlyCount "90"]
[EventDate "2023.06.08"]
[EventType "swiss"]
[EventRounds "7"]
[EventCountry "CRO"]
[SourceTitle "CBM 214 Extra"]
[Source "ChessBase"]
[SourceDate "2023.07.31"]
[SourceVersion "1"]
[SourceVersionDate "2023.07.31"]
[SourceQuality "1"]

1. b3 e5 2. Bb2 Nc6 3. e3 d5 4. Bb5 Bd6 5. f4 f6 6. Nf3 exf4 7. Nd4 Nge7 8. Qh5+ g6 9. Qh6 Kf7 10. Bxc6 bxc6 11. 0-0 Be5 12. Ba3 Bxd4 13. exd4 g5 14. g3 Ng6 15. Nc3 Qd7 16. gxf4 Qg4+ 17. Kh1 Nxf4 18. Rf2 Bd7 19. Re1 Rae8 20. Be7 Qf5 21. Rf3 Qg6 22. Qxg6+ Nxg6 23. Rxf6+ Kg7 24. Rxg6+ Kxg6 25. Re5 h6 26. Ne2 a6 27. Kg2 Kf7 28. Bb4 Bg4 29. Nc1 Rxe5 30. dxe5 d4 31. c3 dxc3 32. Bxc3 Rd8 33. b4 h5 34. d4 Bf5 35. Nb3 Be6 36. Nc5 Bxa2 37. Nxa6 Bc4 38. Nc5 Ra8 39. Kg1 Ra2 40. Ne4 Kg6 41. Nf6 h4 42. Ng4 h3 43. Ne3 Bb5 44. Be1 Re2 45. Bf2 Rd2 0-1

[Event "CRO-ch U17/19"]
[Site "Split"]
[Date "2022.07.28"]
[Round "5"]
[White "Car, Filip"]
[Black "Damjanovic, Stjepan"]
[Result "0-1"]
[WhiteElo "1937"]
[BlackElo "2057"]
[PlyCount "92"]
[EventDate "2022.07.25"]
[EventType "swiss"]
[EventRounds "9"]
[EventCountry "CRO"]
[SourceTitle "EXT 2023"]
[Source "ChessBase"]
[SourceDate "2022.10.05"]
[SourceVersion "1"]
[SourceVersionDate "2022.10.05"]
[SourceQuality "1"]

1. d4 Nf6 2. c4 e6 3. g3 d5 4. Nf3 c5 5. cxd5 Nxd5 6. Bg2 cxd4 7. Nxd4 Bb4+ 8. Bd2 Qb6 9. Bxb4 Nxb4 10. 0-0 0-0 11. Nb3 Rd8 12. N1d2 N8c6 13. a3 Nd5 14. Qc2 Bd7 15. e4 Nf6 16. Nc4 Nd4 17. Nxd4 Qxd4 18. Rfd1 Qc5 19. b4 Qc7 20. e5 Nd5 21. Bxd5 exd5 22. Rxd5 Bg4 23. Rc5 Qe7 24. Ne3 b6 25. Rc7 Qxe5 26. Rc1 Be6 27. Kg2 h5 28. h4 Rd4 29. Qc6 Rad8 30. Rxa7 Rd3 31. Ra8 Rxa8 32. Qxa8+ Kh7 33. Qf3 Bd5 34. Qxd5 Rxd5 35. Nxd5 Qxd5+ 36. Kg1 Qf3 37. Rc4 Qxa3 38. Rf4 f6 39. Kh2 Qb2 40. Kg1 Kg6 41. Kg2 Kf7 42. Kh2 Ke6 43. Kg2 Qc3 44. Re4+ Kd5 45. Rf4 Ke5 46. Kh2 g5 0-1

[Event "Bosnjaci op 26th"]
[Site "Bosnjaci"]
[Date "2022.01.04"]
[Round "2"]
[White "Vidovic, Sasa"]
[Black "Damjanovic, Stjepan"]
[Result "1/2-1/2"]
[WhiteElo "2206"]
[BlackElo "1960"]
[PlyCount "176"]
[EventDate "2022.01.03"]
[EventType "swiss"]
[EventRounds "9"]
[EventCountry "CRO"]
[SourceTitle "EXT 2023"]
[Source "ChessBase"]
[SourceDate "2022.10.05"]
[SourceVersion "1"]
[SourceVersionDate "2022.10.05"]
[SourceQuality "1"]

1. d4 Nf6 2. Bg5 d5 3. Bxf6 exf6 4. e3 Bd6 5. Nf3 0-0 6. Be2 Be6 7. 0-0 Nd7 8. c4 c6 9. cxd5 cxd5 10. Nc3 f5 11. g3 Nf6 12. Qb3 b6 13. Rac1 Qe7 14. Ba6 Rad8 15. Rc2 Bb8 16. Rfc1 Ne4 17. Ne2 g5 18. Qa4 Qf6 19. Ne5 Bxe5 20. dxe5 Qxe5 21. Qd4 Qxd4 22. Nxd4 Nc5 23. Be2 a5 24. b3 Kg7 25. a3 Kf6 26. b4 axb4 27. axb4 Ne4 28. f3 Nd6 29. Rc6 Rc8 30. R1c2 Nc4 31. Bxc4 Rxc6 32. Nxc6 dxc4 33. b5 Ra8 34. Nd4 Ra4 35. Kf2 Bd5 36. Ke2 Ra3 37. Kd2 Rd3+ 38. Ke2 f4 39. gxf4 gxf4 40. Rd2 Rxe3+ 41. Kf2 Rd3 42. Ke2 Re3+ 43. Kf2 c3 44. Rc2 Rd3 45. Ne2 Rxf3+ 46. Ke1 Bb3 47. Rxc3 Rxc3 48. Nxc3 Kf5 49. Kf2 Kg4 50. Ne4 Bc4 51. Nd6 Be6 52. Ne4 h5 53. Nc3 Bb3 54. Ne4 h4 55. Nf6+ Kh3 56. Kg1 Be6 57. Ne4 Kg4 58. Kf2 f5 59. h3+ Kh5 60. Nc3 Bb3 61. Ke2 Kg5 62. Kf3 Bc2 63. Kf2 Bd3 64. Kf3 Bc4 65. Kf2 Bd3 66. Kf3 Bf1 67. Kf2 Bxh3 68. Nd5 Bg4 69. Nxb6 Bd1 70. Nc4 Ba4 71. b6 Bc6 72. Ne5 Bb7 73. Nf7+ Kg4 74. Ne5+ Kh5 75. Nd3 h3 76. Kg1 Kg4 77. Kh2 Kf3 78. Nc5 Ke2 79. Nxb7 f3 80. Nd6 f4 81. b7 f2 82. b8Q f1Q 83. Qb5+ Ke1 84. Qb4+ Ke2 85. Qc4+ Ke1 86. Qc1+ Ke2 87. Qc4+ Ke1 88. Qc1+ Ke2 1/2-1/2

[Event "CRO-chT U16"]
[Site "Crikvenica"]
[Date "2021.12.20"]
[Round "6.1"]
[White "Colev, Ivor"]
[Black "Damjanovic, Stjepan"]
[Result "1-0"]
[WhiteElo "1880"]
[BlackElo "2002"]
[PlyCount "61"]
[EventDate "2021.12.18"]
[EventType "team-tourn"]
[EventRounds "7"]
[EventCountry "CRO"]
[SourceTitle "CBM 206 Extra"]
[Source "ChessBase"]
[SourceDate "2022.03.31"]
[SourceVersion "1"]
[SourceVersionDate "2022.03.31"]
[SourceQuality "1"]
[WhiteTeam "Strigova Stridon"]
[BlackTeam "Strizivojna Amater"]
[WhiteTeamCountry "CRO"]
[BlackTeamCountry "CRO"]

1. e4 c5 2. Nf3 Nc6 3. d4 cxd4 4. Nxd4 g6 5. Nc3 Bg7 6. Be3 Nf6 7. Bc4 0-0 8. Bb3 d6 9. f3 Bd7 10. Qd2 Rc8 11. 0-0-0 Ne5 12. Bh6 Nc4 13. Bxc4 Rxc4 14. Bxg7 Kxg7 15. h4 h5 16. Qe2 Qc7 17. Nd5 Nxd5 18. exd5 Rc8 19. Rd2 Qa5 20. Kb1 Qb4 21. Rhd1 Qc5 22. g4 hxg4 23. fxg4 Rb4 24. h5 Qc3 25. b3 Qg3 26. Qxe7 Bxg4 27. hxg6 Rf8 28. gxf7 Rxf7 29. Qg5+ Kf8 30. Ne6+ Bxe6 31. Qxg3 1-0

[Event "CRO-ch U17"]
[Site "Split"]
[Date "2021.07.26"]
[Round "2"]
[White "Damjanovic, Stjepan"]
[Black "Dabic, Stjepan"]
[Result "0-1"]
[WhiteElo "1802"]
[BlackElo "2153"]
[PlyCount "70"]
[EventDate "2021.07.25"]
[EventType "swiss"]
[EventRounds "9"]
[EventCountry "CRO"]
[SourceTitle "EXT 2022"]
[Source "ChessBase"]
[SourceDate "2021.10.06"]
[SourceVersion "1"]
[SourceVersionDate "2021.10.06"]
[SourceQuality "1"]

1. e4 c5 2. Nf3 d6 3. d4 cxd4 4. Nxd4 Nf6 5. Nc3 g6 6. Be3 Bg7 7. f3 0-0 8. Qd2 Nc6 9. 0-0-0 d5 10. exd5 Nxd5 11. Nxc6 bxc6 12. Bd4 Bxd4 13. Qxd4 Qb6 14. Na4 Qc7 15. Bc4 Bb7 16. Nc5 Rad8 17. Qe4 Nf6 18. Qe3 Bc8 19. h4 Rxd1+ 20. Rxd1 Qh2 21. b3 Qxg2 22. Qxe7 Nd5 23. Bxd5 cxd5 24. Rxd5 Bf5 25. Ne4 Qxf3 26. Nf6+ Kg7 27. Qe5 Kh6 28. Rc5 Qf2 29. Rc3 Rd8 30. Ne8 Qd2+ 31. Kb2 Qd4 32. Qe7 Qd2 33. Qf8+ Kh5 34. Nf6+ Kxh4 35. Qh6+ Qxh6 0-1

[Event "CRO-chT U20 30th"]
[Site "Rabac"]
[Date "2021.04.08"]
[Round "6.1"]
[White "Damjanovic, Stjepan"]
[Black "Begic, Domagoj"]
[Result "1/2-1/2"]
[WhiteElo "1890"]
[BlackElo "1706"]
[PlyCount "89"]
[EventDate "2021.04.06"]
[EventType "team-tourn"]
[EventRounds "11"]
[EventCountry "CRO"]
[SourceTitle "CBM 201 Extra"]
[Source "ChessBase"]
[SourceDate "2021.05.31"]
[SourceVersion "1"]
[SourceVersionDate "2021.05.31"]
[SourceQuality "1"]
[WhiteTeam "Strizivojna Amater U20"]
[BlackTeam "Dubrovnik U20"]
[WhiteTeamCountry "CRO"]
[BlackTeamCountry "CRO"]

1. e4 d5 2. exd5 Qxd5 3. Nc3 Qa5 4. d4 c6 5. Bd3 Nf6 6. h3 g6 7. Nf3 Bg7 8. 0-0 0-0 9. Ne2 Nbd7 10. c3 e5 11. dxe5 Nxe5 12. Nxe5 Qxe5 13. Bf4 Qa5 14. Nd4 Nd5 15. Bg3 Qb6 16. Nb3 Be6 17. Qc2 Rad8 18. Rad1 Rfe8 19. Nd4 Nb4 20. cxb4 Bxd4 21. a3 Bf6 22. Rfe1 Bd5 23. Rxe8+ Rxe8 24. Bc4 Bxc4 25. Qxc4 Rd8 26. Rxd8+ Qxd8 27. Qe2 Qe7 28. Qd2 Kg7 29. Bf4 g5 30. Be3 a6 31. Bc5 Qe6 32. b3 h6 33. Qd3 Qd5 34. Qxd5 cxd5 35. Kf1 Bb2 36. a4 h5 37. Ke2 Kf6 38. Bf8 Kf5 39. Ke3 f6 40. Bd6 b5 41. Bc5 Ke5 42. g4 hxg4 43. hxg4 Bc3 44. f3 Bb2 45. Bb6 1/2-1/2

[Event "CRO-ch U15"]
[Site "Trogir"]
[Date "2020.08.25"]
[Round "3"]
[White "Damjanovic, Stjepan"]
[Black "Begic, Domagoj"]
[Result "1/2-1/2"]
[WhiteElo "1922"]
[BlackElo "1646"]
[PlyCount "127"]
[EventDate "2020.08.24"]
[EventType "swiss"]
[EventRounds "9"]
[EventCountry "CRO"]
[SourceTitle "CBM 198 Extra"]
[Source "ChessBase"]
[SourceDate "2020.11.30"]
[SourceVersion "1"]
[SourceVersionDate "2020.11.30"]
[SourceQuality "1"]

1. e4 c5 2. Nf3 Nc6 3. d4 cxd4 4. Nxd4 e5 5. Nb5 a6 6. N5c3 Bc5 7. Bc4 d6 8. 0-0 Be6 9. Nd5 h6 10. a4 Nf6 11. Nbc3 Nb4 12. Nxf6+ Qxf6 13. Nd5 Nxd5 14. Bxd5 Bxd5 15. Qxd5 Qe7 16. b4 Bd4 17. Ra3 0-0 18. Rg3 Kh7 19. c3 Ba7 20. Rd3 Rad8 21. Kh1 Rd7 22. f4 Rfd8 23. Ba3 Qe6 24. g3 Qg4 25. Qa2 f6 26. Qg2 Qe6 27. Rd5 exf4 28. gxf4 Re8 29. e5 dxe5 30. Rxd7 Qxd7 31. f5 Rd8 32. Qg6+ Kg8 33. h3 Qd5+ 34. Qg2 b5 35. axb5 axb5 36. Rf3 Qe4 37. Qa2+ Kh8 38. Qg2 Rd1+ 39. Kh2 Qh4 40. Rf1 Rxf1 41. Qxf1 Qf2+ 42. Qxf2 Bxf2 43. Kg2 Be1 44. Bb2 Kh7 45. Kf3 g6 46. Ke4 gxf5+ 47. Kxf5 Kg7 48. c4 bxc4 49. b5 c3 50. Bc1 c2 51. b6 Ba5 52. b7 Bc7 53. h4 h5 54. Bb2 Kf7 55. Ba3 e4 56. Bc1 Ke7 57. Be3 Kd7 58. Kxf6 Kc6 59. Kf5 Kd5 60. Bc1 Bg3 61. Be3 Kc6 62. Kxe4 Kxb7 63. Kd3 Bxh4 64. Kxc2 1/2-1/2

[Event "Hvar op U16 3rd"]
[Site "Hvar"]
[Date "2019.10.07"]
[Round "5"]
[White "Grgantov, Marin"]
[Black "Damjanovic, Stjepan"]
[Result "1-0"]
[WhiteElo "1833"]
[BlackElo "1745"]
[PlyCount "99"]
[EventDate "2019.10.05"]
[EventType "swiss"]
[EventRounds "6"]
[EventCountry "CRO"]
[SourceTitle "CBM 193 Extra"]
[Source "ChessBase"]
[SourceDate "2020.01.31"]
[SourceVersion "1"]
[SourceVersionDate "2020.01.31"]
[SourceQuality "1"]

1. e4 c5 2. Nc3 Nc6 3. f4 g6 4. Nf3 Bg7 5. Bb5 Nd4 6. 0-0 Nxb5 7. Nxb5 d6 8. Nc3 Nh6 9. d3 a6 10. Ne2 b5 11. c3 Bb7 12. Ng3 0-0 13. f5 Ng4 14. Ng5 Nf6 15. Qf3 Qd7 16. Qf4 h6 17. Nf3 g5 18. Qd2 Qc7 19. Qe2 Rad8 20. Bd2 Nd7 21. Nh5 Bh8 22. Nxg5 hxg5 23. Bxg5 f6 24. Bh6 Kf7 25. Bxf8 Rxf8 26. Nf4 Ke8 27. Ne6 Qb6 28. Qh5+ Rf7 29. Qxh8+ Nf8 30. Kh1 Bc6 31. Rf3 Bd7 32. Nxf8 Rxf8 33. Qh5+ Kd8 34. Rg3 c4 35. d4 b4 36. Qh6 Re8 37. Qd2 a5 38. Rg6 Qb7 39. Re1 Rh8 40. cxb4 axb4 41. a3 Qc7 42. axb4 d5 43. e5 Bxf5 44. Rh6 Rg8 45. exf6 exf6 46. Rxf6 Be4 47. Rf2 Qg7 48. Ra1 Qb7 49. Qf4 Kc8 50. Qf8+ 1-0

[Event "Hvar op U16 3rd"]
[Site "Hvar"]
[Date "2019.10.06"]
[Round "3"]
[White "Damjanovic, Stjepan"]
[Black "Arnold, Dora"]
[Result "1-0"]
[WhiteElo "1745"]
[BlackElo "1472"]
[PlyCount "83"]
[EventDate "2019.10.05"]
[EventType "swiss"]
[EventRounds "6"]
[EventCountry "CRO"]
[SourceTitle "CBM 193 Extra"]
[Source "ChessBase"]
[SourceDate "2020.01.31"]
[SourceVersion "1"]
[SourceVersionDate "2020.01.31"]
[SourceQuality "1"]

1. e4 e5 2. Nf3 Nc6 3. Bc4 Bc5 4. 0-0 Nf6 5. d4 Bxd4 6. Nxd4 Nxd4 7. f4 d6 8. fxe5 dxe5 9. Bg5 Qe7 10. Na3 Be6 11. c3 Nc6 12. Kh1 Bxc4 13. Bxf6 gxf6 14. Nxc4 Rg8 15. Ne3 Qe6 16. Qf3 0-0-0 17. Nd5 Rg7 18. Qxf6 Qg4 19. Qf5+ Qxf5 20. Rxf5 Rd7 21. Raf1 b6 22. b4 a6 23. a4 b5 24. axb5 axb5 25. g3 Kb7 26. Kg2 Kc8 27. Kh3 h6 28. Rf6 Ne7 29. Rxf7 Nxd5 30. Rxg7 Rxg7 31. exd5 Rd7 32. Rd1 c6 33. d6 Kd8 34. Kg4 Rf7 35. Re1 Kd7 36. Rxe5 Kxd6 37. Rf5 Rh7 38. Kh5 Ke6 39. Kg6 Rc7 40. Rc5 Rc8 41. Kxh6 Rh8+ 42. Kg5 1-0